<?xml version="1.0" encoding="UTF-8"?>
<record
    xmlns:xsi="http://www.w3.org/2001/XMLSchema-instance"
    xsi:schemaLocation="http://www.loc.gov/MARC21/slim http://www.loc.gov/standards/marcxml/schema/MARC21slim.xsd"
    xmlns="http://www.loc.gov/MARC21/slim">

  <leader>01717nam a2200325 a 4500</leader>
  <controlfield tag="001">000045622</controlfield>
  <controlfield tag="003">DO-SdBNP</controlfield>
  <controlfield tag="005">20210416113610.0</controlfield>
  <controlfield tag="007">000045622</controlfield>
  <controlfield tag="008">150417s2012    dr            000 0 spa d</controlfield>
  <datafield tag="020" ind1=" " ind2=" ">
    <subfield code="a">9789945479102</subfield>
  </datafield>
  <datafield tag="040" ind1=" " ind2=" ">
    <subfield code="a">BPMSU</subfield>
    <subfield code="b">spa</subfield>
    <subfield code="c">BPMSU</subfield>
  </datafield>
  <datafield tag="082" ind1=" " ind2=" ">
    <subfield code="a">341.4842</subfield>
    <subfield code="b">B431m, 2012</subfield>
    <subfield code="2">22</subfield>
  </datafield>
  <datafield tag="100" ind1="1" ind2=" ">
    <subfield code="a">Belisario Medina, Rafael</subfield>
  </datafield>
  <datafield tag="245" ind1="1" ind2="0">
    <subfield code="a">Manual de derecho migratorio americano :</subfield>
    <subfield code="b">instructivo sobre las leyes y regulaciones migratorias de los Estados Unidos de America /</subfield>
    <subfield code="c">Rafael Belisario Medina ; pr&#xF3;logo Juan Freddy Armando.</subfield>
  </datafield>
  <datafield tag="260" ind1=" " ind2=" ">
    <subfield code="a">Santo Domingo :</subfield>
    <subfield code="b">Fundaci&#xF3;n Dominico-Americana de Inmigrantes,</subfield>
    <subfield code="c">2012.</subfield>
  </datafield>
  <datafield tag="300" ind1=" " ind2=" ">
    <subfield code="a">657 p. ;</subfield>
    <subfield code="c">24 cm.</subfield>
  </datafield>
  <datafield tag="500" ind1=" " ind2=" ">
    <subfield code="a">Incluye datos biogr&#xE1;ficos del autor en la solapa de la cubierta</subfield>
  </datafield>
  <datafield tag="505" ind1="0" ind2=" ">
    <subfield code="a">Historia legislativa y desarrollo del derecho migratorio de los Estados Unidos de Am&#xE9;rica --</subfield>
    <subfield code="g">Segunda parte :</subfield>
    <subfield code="t">Categor&#xED;as de los visados americanos y sus procedimientos consulares --</subfield>
    <subfield code="g">Tercera parte :</subfield>
    <subfield code="t">Los procesos de deportaci&#xF3;n y exclusi&#xF3;n en los Estados Unidos de Am&#xE9;rica --</subfield>
    <subfield code="g">Cuarta parte :</subfield>
    <subfield code="t">Proceso de naturalizaci&#xF3;n en los Estados Unidos de Am&#xE9;rica --</subfield>
    <subfield code="g">Quinta parte :</subfield>
    <subfield code="t">Procesos de refugio y asilo en los Estados Unidos de Am&#xE9;rica --</subfield>
  </datafield>
  <datafield tag="590" ind1=" " ind2=" ">
    <subfield code="6">Inventariado, 2021/VM</subfield>
  </datafield>
  <datafield tag="650" ind1=" " ind2="4">
    <subfield code="a">Ley de emigraci&#xF3;n e inmigraci&#xF3;n</subfield>
    <subfield code="z">Estados Unidos</subfield>
    <subfield code="b"> </subfield>
    <subfield code="x"> </subfield>
  </datafield>
  <datafield tag="650" ind1=" " ind2="4">
    <subfield code="a">Pol&#xED;tica  migratoria </subfield>
    <subfield code="z">Estados Unidos</subfield>
  </datafield>
  <datafield tag="651" ind1=" " ind2="4">
    <subfield code="a">Estados Unidos</subfield>
    <subfield code="x">Emigraci&#xF3;n e Inmigraci&#xF3;n</subfield>
    <subfield code="v">Legislaci&#xF3;n</subfield>
  </datafield>
  <datafield tag="651" ind1=" " ind2="4">
    <subfield code="a">Estados Unidos</subfield>
    <subfield code="x">Emigraci&#xF3;n e Inmigraci&#xF3;n</subfield>
    <subfield code="v">Formularios</subfield>
  </datafield>
  <datafield tag="651" ind1=" " ind2="4">
    <subfield code="a">Estados Unidos</subfield>
    <subfield code="x">Emigraci&#xF3;n e Inmigraci&#xF3;n</subfield>
    <subfield code="v">Procedimientos legales</subfield>
  </datafield>
  <datafield tag="700" ind1="1" ind2="2">
    <subfield code="a">Armando, Juan Freddy,</subfield>
    <subfield code="e">pr&#xF3;l.</subfield>
  </datafield>
  <datafield tag="910" ind1=" " ind2=" ">
    <subfield code="a">VMateo</subfield>
  </datafield>
  <datafield tag="942" ind1=" " ind2=" ">
    <subfield code="2">ddc</subfield>
    <subfield code="c">BK</subfield>
  </datafield>
  <datafield tag="945" ind1=" " ind2=" ">
    <subfield code="a"> </subfield>
  </datafield>
  <datafield tag="952" ind1=" " ind2=" ">
    <subfield code="0">0</subfield>
    <subfield code="1">0</subfield>
    <subfield code="2">ddc</subfield>
    <subfield code="4">0</subfield>
    <subfield code="7">0</subfield>
    <subfield code="8">CD</subfield>
    <subfield code="a">BPMET</subfield>
    <subfield code="b">BPMET</subfield>
    <subfield code="d">2015-08-05</subfield>
    <subfield code="e">Rafael  Blisario M&#xE9;dina </subfield>
    <subfield code="l">0</subfield>
    <subfield code="o">BPMSU CD 341.4842 B431m 2012</subfield>
    <subfield code="p">BPMSU15080052</subfield>
    <subfield code="r">2015-08-05</subfield>
    <subfield code="w">2015-08-05</subfield>
    <subfield code="y">BK</subfield>
  </datafield>
  <datafield tag="952" ind1=" " ind2=" ">
    <subfield code="0">0</subfield>
    <subfield code="1">0</subfield>
    <subfield code="2">ddc</subfield>
    <subfield code="4">0</subfield>
    <subfield code="7">0</subfield>
    <subfield code="8">CD</subfield>
    <subfield code="a">BPMET</subfield>
    <subfield code="b">BPMET</subfield>
    <subfield code="d">2015-08-05</subfield>
    <subfield code="e">Rafael  Blisario M&#xE9;dina </subfield>
    <subfield code="l">0</subfield>
    <subfield code="o">BPMSU CD 341.4842 B431m 2012</subfield>
    <subfield code="p">BPMSU15080053</subfield>
    <subfield code="r">2015-08-05</subfield>
    <subfield code="t">e. 2</subfield>
    <subfield code="w">2015-08-05</subfield>
    <subfield code="y">BK</subfield>
  </datafield>
  <datafield tag="952" ind1=" " ind2=" ">
    <subfield code="0">0</subfield>
    <subfield code="1">0</subfield>
    <subfield code="2">ddc</subfield>
    <subfield code="4">0</subfield>
    <subfield code="7">0</subfield>
    <subfield code="8">CD</subfield>
    <subfield code="a">BPMET</subfield>
    <subfield code="b">BPMET</subfield>
    <subfield code="d">2015-08-05</subfield>
    <subfield code="e">Rafael  Blisario M&#xE9;dina </subfield>
    <subfield code="l">0</subfield>
    <subfield code="o">BPMSU CD 341.4842 B431m 2012</subfield>
    <subfield code="p">BPMSU15080054</subfield>
    <subfield code="r">2015-08-05</subfield>
    <subfield code="t">e. 3</subfield>
    <subfield code="w">2015-08-05</subfield>
    <subfield code="y">BK</subfield>
  </datafield>
  <datafield tag="999" ind1=" " ind2=" ">
    <subfield code="c">8070</subfield>
    <subfield code="d">8070</subfield>
  </datafield>
</record>
